Tous les blasons de la Haute Marne - Statistiques

Statistiques générales
  • Ce quiz a été pris 18 fois
  • Le résultat moyen est 7 sur 113
Statistiques - réponses
Par images Réponse % Correct
Chaumont
100%
Saint-Dizier
78%
Langres
67%
Auberive
33%
Chalindrey
33%
Colombey-les-Deux-Églises
33%
Joinville
33%
Nogent
33%
Wassy
33%
Bourbonne-les-Bains
22%
Poissons
22%
Andelot-Blancheville
11%
Arc-en-Barrois
11%
Autreville-sur-la-Renne
11%
Bourdons-sur-Rognon
11%
Breuvannes-en-Bassigny
11%
Bricon
11%
Cirey-sur-Blaise
11%
Fayl-Billot
11%
Gudmont-Villiers
11%
Illoud
11%
Mandres-la-Côte
11%
Maranville
11%
Neuilly-l'Évêque
11%
Orges
11%
Poulangy,
11%
Richebourg
11%
Rimaucourt
11%
Val-de-Meuse
11%
Aigremont
0%
Aillianville
0%
Arnancourt
0%
Avrecourt
0%
Baissey
0%
Beurville
0%
Biesles
0%
Briaucourt
0%
Buxières-lès-Villiers
0%
Ceffonds
0%
Chalancey
0%
Chamarandes-Choignes
0%
Chambroncourt
0%
Champigny-sous-Varennes
0%
Chaudenay
0%
Chevillon
0%
Choiseul
0%
Cirfontaines-en-Ornois
0%
Clefmont
0%
Coiffy-le-Haut
0%
Coublanc
0%
Coupray
0%
Curel
0%
Daillancourt
0%
Dammartin-sur-Meuse
0%
Dampierre
0%
Dancevoir
0%
Dinteville
0%
Domblain
0%
Donjeux
0%
Doulaincourt-Saucourt
0%
Doulevant-le-Château
0%
Échenay
0%
Éclaron-Braucourt-Sainte-Livière
0%
Ecot-la-Combe
0%
Euffigneix
0%
Fays
0%
Frampas
0%
Fresnes-sur-Apance
0%
Giey-sur-Aujon
0%
Grenant
0%
Harréville-les-Chanteurs
0%
Haute-Amance
0%
Humbécourt
0%
Juzennecourt
0%
Laferté-sur-Amance
0%
Laferté-sur-Aube
0%
Lanty-sur-Aube
0%
Le Pailly
0%
Lezéville
0%
Longeau-Percey
0%
Louvemont
0%
Manois
0%
Melay
0%
Montot-sur-Rognon
0%
Noidant-le-Rocheux
0%
Nomécourt
0%
Peigney
0%
Pisseloup
0%
Planrupt
0%
Pressigny
0%
Prez-sous-Lafauche
0%
Rennepont
0%
Reynel
0%
Riaucourt
0%
Rivière-les-Fosses
0%
Rizaucourt-Buchey
0%
Rouvroy-sur-Marne
0%
Sailly
0%
Saint-Blin
0%
Saints-Geosmes
0%
Saint-Urbain-Maconcourt
0%
Savigny
0%
Sexfontaines
0%
Signéville
0%
Sommevoire
0%
Thonnance-lès-Joinville
0%
Trémilly
0%
Valcourt
0%
Varennes-sur-Amance
0%
Vaux-sur-Saint-Urbain
0%
Vignory
0%
Villiers-en-Lieu
0%
Villiers-sur-Suize
0%
Aucun quiz correspondant
Distribution des résultats
% des personnes avec chaque résultat
Percentile par nombre de réponses
Votre historique - résultats
Vous n’avez pas pris ce quiz